| Tag |
First Indicator |
Second Indicator |
Subfields |
| LEADER |
00000cam a2200000 a 4500 |
| 001 |
in00000762721 |
| 005 |
20151017050759.0 |
| 008 |
880321s1988 ilu 00110 eng |
| 010 |
|
|
|a 88010923
|
| 020 |
|
|
|a 0398054932
|
| 035 |
|
|
|a (OCoLC)17840576
|
| 035 |
|
|
|9 ADK2478AM
|
| 040 |
|
|
|a DLC
|c DLC
|d TXA
|d UtOrBLW
|
| 043 |
|
|
|a n-us---
|
| 049 |
|
|
|a TXAM
|c [A11755039]
|
| 050 |
0 |
0 |
|a HV1461
|b .M33 1988
|
| 082 |
0 |
|
|a 362.6/1
|2 19
|
| 100 |
1 |
|
|a MacNamara, Roger D.
|
| 245 |
1 |
0 |
|a Freedom from abuse in organized care settings for the elderly and handicapped :
|b lessons from human service administration /
|c by Roger D. MacNamara.
|
| 264 |
|
1 |
|a Springfield, Ill., USA :
|b C.C. Thomas,
|c 1988.
|
| 300 |
|
|
|a xiii, 89 pages ;
|c 26 cm.
|
| 336 |
|
|
|a text
|b txt
|2 rdacontent
|
| 337 |
|
|
|a unmediated
|b n
|2 rdamedia
|
| 338 |
|
|
|a volume
|b nc
|2 rdacarrier
|
| 500 |
|
|
|a Includes index.
|
| 650 |
|
0 |
|a Older people
|x Institutional care
|z United States.
|
| 650 |
|
0 |
|a Older people
|z United States
|x Abuse of.
|
| 650 |
|
0 |
|a People with disabilities
|x Institutional care
|z United States.
|
| 650 |
|
0 |
|a People with disabilities
|z United States
|x Abuse of.
|
| 650 |
|
0 |
|a Social work administration
|z United States.
|
| 999 |
|
|
|a MARS
|
| 999 |
f |
f |
|s cb09a01d-badb-3209-bf3f-12045324a9bb
|i f25cbfd6-eef1-31ea-b6b5-ce9e9f4d0fd2
|t 0
|
| 952 |
f |
f |
|p ric
|a Texas A&M University
|b Rellis Campus
|c Joint Library Facility
|d Remote Storage
|t 0
|e HV1461 .M33 1988
|h Library of Congress classification
|i unmediated -- volume
|m A14811755039
|
| 998 |
f |
f |
|a HV1461 .M33 1988
|t 0
|l Remote Storage
|